000 00664nam a2200217 i 4500
001 bg
100 1 _aGAIRNS, Ruth
245 0 _aWorking with Words :
_ba guide to teachning and learning vocabulary /
_cRuth Gairns, Stuart Redman.
260 _aCambridge :
_bCambridge University Press,
_c1990.
300 _aVIII,200 s. :
_brys. ;
_c23 cm.
490 1 _aCambridge Handbooks for Language Teachers
700 1 _aREDMAN, Stuart
830 _aCambridge Handbooks for Language Teachers
020 _a0521317096
040 _cBPK
041 _apol
080 _a802(075.8)
920 _a0-521-31709-6
942 _cKS
008 s pl f |000 0 pol
999 _c5446
_d5446
856 _uhttp://koha.tu.koszalin.pl/cgi-bin/koha/opac-detail.pl?biblionumber=5446
_yKatalog online BPK